[Event "AUTO-INT-1347"]
[Site "http://www.queenalice.com/game.php?id=604782"]
[Date "2009.6.16"]
[Round "1"]
[White "lepiaf"]
[Black "Patt"]
[Result "1-0"]
[WhiteElo "1673"]
[BlackElo "1366"]

1. f4 d5 2. d4 Bg4 3. Qd3 e6 4. Bd2 Bd6 5. h3 Bf5 6. Qb5+ c6 7. Qxb7 Nd7 8. Qxc6
Qb8 9. Qc3 Bb4 10. Qb3 Qb5 11. Bxb4 Nb6 12. e3 Nf6 13. Bxb5+ Kd8 14. Nf3 Be4 15.
Ng5 h6 16. Nxf7+ 1-0

[Event "Let's Play Chess!"]
[Site "http://www.queenalice.com/game.php?id=619756"]
[Date "2009.7.16"]
[Round "-"]
[White "lepiaf"]
[Black "spin"]
[Result "0-1"]
[WhiteElo "1700"]
[BlackElo "1692"]

1. d4 g6 2. e4 Bg7 3. e5 d6 4. Nf3 dxe5 5. d5 Nf6 6. Nc3 Na6 7. Bb5+ Nd7 8. Ng5
Nc5 9. b4 e4 10. Bb2 e3 11. fxe3 Na6 12. O-O O-O 13. a3 Nf6 14. e4 Ng4 15. Qe2
Bf6 16. h3 Ne5 17. Qe3 Bd7 18. Nd1 Bxb5 19. Rf2 Nc4 20. Qb3 Nxb2 21. Nxb2 Bxg5
22. Rf3 c6 23. Rd1 Be2 24. c4 Bxf3 25. Qxf3 c5 26. b5 Nc7 27. Nd3 b6 28. Ne5 Bf6
29. Nc6 Qd6 30. Re1 a6 31. e5 Bxe5 32. Rxe5 axb5 33. Qc3 Rfe8 34. Qe3 bxc4 35.
Rxe7 Qxd5 36. Rxe8+ Rxe8 37. Qxe8+ Nxe8 38. Ne7+ Kg7 39. Nxd5 b5 40. Kf1 Nd6 41.
Ke2 g5 42. Kd2 f5 0-1

[Event "Dylan93-2"]
[Site "http://www.queenalice.com/game.php?id=650425"]
[Date "2009.9.11"]
[Round "1"]
[White "Dylan93"]
[Black "lepiaf"]
[Result "1-0"]
[WhiteElo "1654"]
[BlackElo "1721"]

1. e4 e5 2. Nf3 Nc6 3. Bb5 Nf6 4. O-O Nxe4 5. d4 Nxd4 6. Nxd4 exd4 7. Re1 f5 8.
f3 c6 9. Ba4 d5 10. Qxd4 Qb6 11. Qxb6 axb6 12. Bb3 Bc5+ 13. Kh1 O-O 14. fxe4
fxe4 15. Nc3 Bb4 16. Bd2 Kh8 17. a3 Ba5 18. Rf1 Be6 19. h3 Rae8 20. Be3 c5 21.
Nxd5 Rf5 22. Nc7 Ref8 23. Rxf5 Bxf5 24. Rf1 g6 25. g4 Rc8 26. gxf5 Rxc7 27. f6
1-0

[Event "AUTO-INT-1347"]
[Site "http://www.queenalice.com/game.php?id=677852"]
[Date "2009.11.4"]
[Round "2"]
[White "lepiaf"]
[Black "chess2009"]
[Result "1-0"]
[WhiteElo "1683"]
[BlackElo "1561"]

1. d4 d5 2. Nc3 Nf6 3. g3 h6 4. Bg2 c6 5. e4 dxe4 6. Nxe4 Nxe4 7. Bxe4 Na6 8.
Ne2 f6 9. Bg6+ Kd7 10. Bf4 Nc7 11. Nc3 b5 12. Bf5+ e6 13. Bg4 f5 14. Bf3 Bb7 15.
b4 Bxb4 16. Bd2 Ke8 17. Bh5+ Kd7 18. Ne2 Bxd2+ 19. Qxd2 Kc8 20. O-O Qd5 21. Nf4
Qd6 22. a3 Ba6 23. Rfe1 g5 24. Ng6 Re8 25. Qc3 Nd5 26. Qc5 Qxc5 27. dxc5 Kb7 28.
Ne5 Red8 29. Nf7 Rf8 30. Rxe6 Kc7 31. Rxh6 Rae8 32. Rh7 b4 33. Nd6+ Kd8 34. Bxe8
Nf6 35. Rxa7 Bb5 36. Rd1 Nd5 37. Nxb5 cxb5 38. Bc6 f4 39. Rxd5+ Kc8 40. axb4
fxg3 41. hxg3 Kb8 42. Ra8+ Kc7 43. Rxf8 Kxc6 44. Rxg5 Kc7 45. Rf6 Kd7 46. Rg7+
Ke8 47. Ra6 Kf8 48. Rb7 Ke8 49. Ra8# 1-0

[Event "AUTO-INT-1347"]
[Site "http://www.queenalice.com/game.php?id=677853"]
[Date "2009.11.4"]
[Round "2"]
[White "chess2009"]
[Black "lepiaf"]
[Result "0-1"]
[WhiteElo "1651"]
[BlackElo "1687"]

1. e4 e5 2. Qh5 Nf6 3. Qxe5+ Be7 4. Qf4 Nc6 5. c3 d6 6. h3 a6 7. Nf3 b5 8. Na3
Nh5 9. Qe3 h6 10. Be2 Bg5 11. Nxg5 hxg5 12. g4 Nf4 13. Rh2 Qf6 14. f3 Rxh3 15.
Qg1 Qe5 16. Bf1 Rxh2 17. Qxh2 Nd3+ 18. Bxd3 Qxh2 19. Bf1 Ne5 20. Be2 Qg1+ 21.
Bf1 Nxf3+ 22. Ke2 Bxg4 23. Nc2 Ne5+ 24. Ke1 Nd3# 0-1

[Event "AUTO-INT-1347"]
[Site "http://www.queenalice.com/game.php?id=677854"]
[Date "2009.11.4"]
[Round "2"]
[White "lepiaf"]
[Black "zad2"]
[Result "1-0"]
[WhiteElo "1686"]
[BlackElo "1742"]

1. d4 Nf6 2. Nc3 e6 3. Bg5 Be7 4. h3 d5 5. e3 O-O 6. Bd3 Nbd7 7. a3 b6 8. b4 c5
9. Nf3 Bb7 10. bxc5 bxc5 11. Rb1 Bc6 12. Ne5 Nxe5 13. dxe5 Nd7 14. Qh5 g6 15. h4
Nxe5 16. Bxe7 Qxe7 17. Qxe5 c4 18. Be2 Rab8 19. Rxb8 1-0

[Event "AUTO-INT-1347"]
[Site "http://www.queenalice.com/game.php?id=677855"]
[Date "2009.11.4"]
[Round "2"]
[White "zad2"]
[Black "lepiaf"]
[Result "1-0"]
[WhiteElo "1735"]
[BlackElo "1702"]

1. e4 e5 2. Nf3 Nc6 3. Bb5 Nf6 4. O-O Nxe4 5. Re1 d5 6. d3 Bd7 7. Bxc6 Bxc6 8.
dxe4 dxe4 9. Nxe5 Qxd1 10. Rxd1 f6 11. Nxc6 bxc6 12. Bf4 Bd6 13. Bxd6 cxd6 14.
Rxd6 c5 15. Nc3 O-O 16. Nxe4 1-0

[Event "leking"]
[Site "http://www.queenalice.com/game.php?id=697316"]
[Date "2009.12.13"]
[Round "1"]
[White "leking"]
[Black "lepiaf"]
[Result "1-0"]
[WhiteElo "1702"]
[BlackElo "1702"]

1. e4 e5 2. Nf3 d6 3. d4 Bg4 4. Be2 Bxf3 5. Bxf3 c6 6. dxe5 Qc7 7. exd6 Bxd6 8.
g3 Ne7 9. Nd2 Na6 10. Nc4 Bc5 11. Bf4 Rd8 12. Bxc7 Rxd1+ 13. Rxd1 Nxc7 14. O-O
O-O 15. Rd7 Rc8 16. b4 Bxb4 17. Rb1 1-0

[Event "AUTO-OPEN-1799"]
[Site "http://www.queenalice.com/game.php?id=698569"]
[Date "2009.12.15"]
[Round "1"]
[White "Arthur0007"]
[Black "lepiaf"]
[Result "1-0"]
[WhiteElo "2040"]
[BlackElo "1701"]

1. e4 e5 2. Nf3 Nc6 3. d4 d6 4. dxe5 Bg4 5. exd6 Bxd6 6. Be2 Bxf3 7. Bxf3 Nf6 8.
O-O O-O 9. c3 Re8 10. Re1 Ne5 11. Bg5 Be7 12. Nd2 c6 13. h3 b5 14. Qc2 Qd6 15.
Rad1 Rad8 16. g4 Qc5 17. Be3 Nxf3+ 18. Nxf3 Qc4 19. Rxd8 Bxd8 20. Bxa7 Qxa2 21.
Bc5 Qc4 22. Bd4 c5 23. b3 Qe6 24. Ng5 Qe7 25. Bxf6 Qxf6 26. Nxh7 Qh6 27. Qd3
Qxh7 28. Qd7 Kf8 29. Re3 Bb6 30. Qd6+ Kg8 31. Qxb6 Kf8 32. Qxc5+ 1-0

[Event "AUTO-OPEN-1799"]
[Site "http://www.queenalice.com/game.php?id=698570"]
[Date "2009.12.15"]
[Round "1"]
[White "lepiaf"]
[Black "Arthur0007"]
[Result "0-1"]
[WhiteElo "1704"]
[BlackElo "2037"]

1. e4 e5 2. Nf3 Nf6 3. Nxe5 d6 4. Nf3 Nxe4 5. d3 Nf6 6. Bg5 Be7 7. h3 O-O 8. c4
Re8 9. Be2 h6 10. Bh4 g5 11. Bg3 Nc6 12. a3 Bf8 13. Nc3 Bg7 14. O-O Bf5 15. b4
Nh5 16. Rc1 Bxc3 17. Rxc3 Nxg3 18. fxg3 Qd7 19. g4 Be6 20. b5 Ne5 21. Nd4 Ng6
22. Bf3 Qc8 23. Qd2 Ne5 24. Qe3 Bd7 25. Bd5 c6 26. Bxf7+ Nxf7 27. Qf3 Ne5 28.
Qd1 cxb5 29. cxb5 Qxc3 30. Qb3+ Qxb3 31. Nxb3 Bxb5 0-1

[Event "AUTO-OPEN-1799"]
[Site "http://www.queenalice.com/game.php?id=698593"]
[Date "2009.12.15"]
[Round "1"]
[White "dilbert"]
[Black "lepiaf"]
[Result "1-0"]
[WhiteElo "1734"]
[BlackElo "1671"]

1. e4 e5 2. f4 exf4 3. Nf3 b6 4. Bc4 Bc5 5. d4 Be7 6. Bxf4 d6 7. Nc3 Bg4 8. O-O
Nf6 9. e5 Nh5 10. exd6 cxd6 11. Bxf7+ Kxf7 12. Ng5+ Bxg5 13. Bxg5+ Ke6 14. Qxg4#
1-0

[Event "AUTO-OPEN-1799"]
[Site "http://www.queenalice.com/game.php?id=698594"]
[Date "2009.12.15"]
[Round "1"]
[White "lepiaf"]
[Black "dilbert"]
[Result "0-1"]
[WhiteElo "1671"]
[BlackElo "1750"]

1. e4 e6 2. b3 d5 3. exd5 Qxd5 4. Nc3 Qd8 5. d4 Nf6 6. Bf4 Bb4 7. Qd3 c5 8.
O-O-O Nc6 9. Nb5 O-O 10. Bc7 Qd7 11. Bg3 a6 12. Nd6 cxd4 13. Ne4 Nd5 14. Nf3 f5
15. Ned2 Ba3+ 16. Kb1 Nc3+ 17. Ka1 Nb4 18. Qxd4 Nxc2# 0-1

[Event "AUTO-OPEN-1799"]
[Site "http://www.queenalice.com/game.php?id=698607"]
[Date "2009.12.15"]
[Round "1"]
[White "CeaRaSC"]
[Black "lepiaf"]
[Result "1-0"]
[WhiteElo "1581"]
[BlackElo "1691"]

1. d4 d5 2. Nc3 Nf6 3. Bg5 c6 4. Nf3 Qa5 5. Qd2 Ne4 6. Nxe4 b6 7. Qxa5 bxa5 8.
Nc5 e6 9. e3 Bxc5 10. dxc5 Nd7 11. Bd3 Nxc5 12. O-O f6 13. Bf4 O-O 14. b3 e5 15.
Bg3 e4 16. Bd6 Re8 17. Bxc5 exd3 18. cxd3 Ba6 19. Rfc1 Bxd3 20. Nd4 Re5 21. Nxc6
Rg5 22. Nxa5 Be4 23. g3 h5 24. h4 Rg4 25. a4 g5 26. hxg5 Rxg5 27. Bd6 Kf7 28.
Rc7+ Ke6 29. Bf4 Rg6 30. Rc6+ Kf5 31. Nb7 h4 32. Nd6+ Kg4 33. Nxe4 dxe4 34. gxh4
Kf3+ 35. Kf1 Rag8 36. Bg3 Kg4 37. b4 Kh5 38. Rac1 f5 39. Rxg6 Rxg6 40. Rc5 1-0

[Event "AUTO-OPEN-1799"]
[Site "http://www.queenalice.com/game.php?id=698608"]
[Date "2009.12.15"]
[Round "1"]
[White "lepiaf"]
[Black "CeaRaSC"]
[Result "1-0"]
[WhiteElo "1595"]
[BlackElo "1615"]

1. e4 e5 2. Nf3 Nf6 3. d3 Bb4+ 4. c3 Bc5 5. Bg5 h6 6. Bxf6 Qxf6 7. b4 Bd6 8. d4
exd4 9. Nxd4 c5 10. Nb5 Be7 11. Nc7+ Kd8 12. Nxa8 cxb4 13. Qb3 bxc3 14. Nxc3 d6
15. Be2 Nc6 16. O-O Nd4 17. Qd1 Nxe2+ 18. Nxe2 g5 19. Qc2 Bg4 20. Qc7+ Ke8 21.
f3 Bh5 22. Qxb7 Bd8 23. Rac1 Qe7 24. Nc7+ Kf8 25. Qxa7 Bxc7 26. Rxc7 Qe8 27.
Rfc1 Kg7 28. Rc8 Qe6 29. Rxh8 Kxh8 30. Nd4 Qf6 31. Nf5 Kh7 32. h3 Bg6 33. Rc6
Bxf5 34. g4 Qa1+ 35. Kg2 Qb2+ 36. Kg3 Qe5+ 37. Kg2 Be6 38. Rc8 Kg6 39. Rb8 d5
40. Qb7 dxe4 41. Qxe4+ Qxe4 42. fxe4 Bxa2 43. e5 Bd5+ 44. Kg3 f6 45. Rb6 Kf7 46.
Rxf6+ Kg7 47. Rd6 Bb3 48. h4 gxh4+ 49. Kxh4 Bc4 50. Kh5 Bb3 51. Rxh6 Kf7 52. g5
Bd1+ 53. Kh4 Bc2 54. Rf6+ Ke7 55. Kh5 Be4 56. g6 Bd5 57. Kh6 Be6 58. Kg7 Bd5 59.
Rd6 Be6 60. Kh7 Bc4 61. g7 Bf7 62. g8=Q Bxg8+ 63. Kxg8 Ke8 64. Kg7 Ke7 65. Rf6
Ke8 66. e6 Ke7 67. Kg6 Ke8 68. Rf7 Kd8 69. Kg7 Ke8 70. Ra7 Kd8 71. Kf7 Kc8 72.
e7 Kb8 73. Rd7 Kc8 74. e8=Q# 1-0

[Event "Dylan93-2"]
[Site "http://www.queenalice.com/game.php?id=701339"]
[Date "2009.12.21"]
[Round "2"]
[White "lepiaf"]
[Black "spin27"]
[Result "0-1"]
[WhiteElo "1699"]
[BlackElo "1689"]

1. e4 e5 2. Nf3 Nf6 3. Nc3 Bc5 4. h3 O-O 5. Bc4 Nc6 6. Nxe5 Nxe5 7. Bb3 c6 8. d4
Bxd4 9. Qxd4 Qe7 10. Bf4 d6 11. O-O-O c5 12. Bg5 cxd4 13. Nd5 Qd8 0-1

[Event "leking"]
[Site "http://www.queenalice.com/game.php?id=705192"]
[Date "2009.12.29"]
[Round "2"]
[White "lepiaf"]
[Black "ButchCassidy"]
[Result "0-1"]
[WhiteElo "1694"]
[BlackElo "1645"]

1. Nf3 d5 2. d4 Nc6 3. h3 Nf6 4. Nc3 Bf5 5. g4 Bg6 6. Bf4 a6 7. Bg2 e6 8. Ne5
Bd6 9. e3 O-O 10. h4 h5 11. a3 b5 12. Nxc6 Qd7 13. Nb4 hxg4 14. f3 Bxf4 15. exf4
g3 16. Qe2 Qd6 17. Qe5 Nh5 18. Qxd6 cxd6 19. Ne2 Rfc8 20. c3 Rd8 21. Nc6 Rd7 22.
Bh3 Bd3 23. Rg1 Bxe2 24. Kxe2 Nxf4+ 25. Kf1 Nxh3 26. Rxg3 Nf4 27. Kf2 Nd3+ 28.
Ke3 Nxb2 29. Rag1 g6 30. h5 Nc4+ 31. Kd3 Nxa3 32. hxg6 f5 33. Rh3 Rc8 34. Nb4 a5
35. Nc2 b4 36. Rgh1 Rxc3+ 37. Kd2 Rxc2+ 38. Kd3 Rg2 39. Rh8+ Kg7 40. R8h7+ Kxg6
41. Rxd7 b3 42. Rb7 b2 43. Rb3 b1=Q+ 44. Rhxb1 Nxb1 45. Rxb1 Ra2 46. Kc3 a4 47.
Rb4 a3 48. Kb3 Ra1 49. Rb6 Rb1+ 0-1

[Event "Challenge"]
[Site "http://www.queenalice.com/game.php?id=720788"]
[Date "2010.1.26"]
[Round "-"]
[White "babycrocket"]
[Black "lepiaf"]
[Result "0-1"]
[WhiteElo "1647"]
[BlackElo "1676"]

1. e4 e5 2. Nf3 d6 3. h3 f5 4. d3 Nc6 5. c3 h6 6. Nbd2 g5 7. Nh2 Be6 8. exf5
Bxf5 9. Qh5+ Kd7 10. Ne4 Nf6 11. Bxg5 Nxh5 12. Bxd8 Rxd8 13. Nd2 Nf4 0-1

[Event "AUTO-INT-1655"]
[Site "http://www.queenalice.com/game.php?id=752656"]
[Date "2010.3.28"]
[Round "1"]
[White "yugioh1"]
[Black "lepiaf"]
[Result "0-1"]
[WhiteElo "1398"]
[BlackElo "1612"]

1. e4 e5 2. Nf3 Nc6 3. Bc4 h6 4. O-O Nf6 5. d3 d6 6. Nc3 Bg4 7. Be3 a6 8. Nd5 b5
9. Nxf6+ Qxf6 10. Bd5 Bd7 11. c4 Rb8 12. Bxc6 Bxc6 13. Qe2 Be7 14. Rfe1 bxc4 15.
dxc4 Bxe4 16. Red1 O-O 17. b3 Bxf3 18. gxf3 c5 19. Qd2 Qxf3 20. Kf1 f5 21. Kg1
f4 22. Bxc5 dxc5 23. Qd7 Bh4 24. Qe6+ Kh8 25. Rd7 Qxf2+ 26. Kh1 Qf3+ 27. Kg1
Bf2+ 28. Kf1 Be3+ 29. Ke1 Qf2+ 30. Kd1 f3 31. Qg6 Qe2# 0-1

[Event "AUTO-INT-1655"]
[Site "http://www.queenalice.com/game.php?id=752657"]
[Date "2010.3.28"]
[Round "1"]
[White "lepiaf"]
[Black "yugioh1"]
[Result "1-0"]
[WhiteElo "1619"]
[BlackElo "1288"]

1. e4 e5 2. Nf3 Nc6 3. Nc3 d6 4. Bc4 Nf6 5. Ng5 Be6 6. Bxe6 fxe6 7. Nxe6 Qe7 8.
Ng5 Nd7 9. d3 O-O-O 10. Nd5 Qe8 11. Bd2 Be7 12. Qf3 Rf8 13. Qe2 Bxg5 14. Bxg5
Kb8 15. O-O Rc8 16. b4 Nd4 17. Qd1 Nf6 18. c3 Nb5 19. a4 Nxd5 20. exd5 Nxc3 21.
Qc2 Nxd5 22. Qc4 Nf4 23. a5 Ne2+ 24. Kh1 Qh5 25. a6 Ng3+ 26. fxg3 Rxf1+ 27. Rxf1
g6 28. axb7 Qxg5 29. bxc8=Q+ Kxc8 30. Qc6 Qd8 31. Qa8+ Kd7 32. Rf7+ Ke6 33. Qxd8
Kxf7 34. Qxc7+ Ke6 35. Qxh7 Kd5 36. Qxg6 Kd4 37. Qxd6+ Kc3 38. Qxe5+ Kxb4 39.
Qe7+ Kb5 40. Qxa7 Kb4 41. Qc7 Kb3 42. h4 Ka2 43. h5 Ka1 44. h6 Ka2 45. Qb7 Ka1
46. h7 Ka2 47. h8=Q Ka3 48. Qa1# 1-0

[Event "AUTO-INT-1655"]
[Site "http://www.queenalice.com/game.php?id=752670"]
[Date "2010.3.28"]
[Round "1"]
[White "leandrodaquimica"]
[Black "lepiaf"]
[Result "1-0"]
[WhiteElo "1505"]
[BlackElo "1636"]

1. Nc3 d5 2. e4 d4 3. Nd5 c6 4. Nb4 e5 5. c3 Nf6 6. Nf3 c5 7. Nd5 Bg4 8. Qa4+
Nc6 9. Bb5 Nxd5 10. exd5 Bd7 11. Bxc6 bxc6 12. dxc6 Bc8 13. Nxe5 Qe7 14. cxd4 f6
15. c7+ Bd7 16. Qa6 cxd4 17. f4 fxe5 18. O-O Qc5 19. f5 Bb5 20. Qe6+ Be7 21. f6
Bxf1 22. fxg7 1-0

[Event "AUTO-INT-1655"]
[Site "http://www.queenalice.com/game.php?id=752671"]
[Date "2010.3.28"]
[Round "1"]
[White "lepiaf"]
[Black "leandrodaquimica"]
[Result "0-1"]
[WhiteElo "1615"]
[BlackElo "1507"]

1. e4 d5 2. e5 Nc6 3. Bb5 f6 4. Nf3 Bd7 5. O-O Nxe5 6. Bxd7+ Qxd7 7. d4 Nxf3+ 8.
Qxf3 e5 9. c3 exd4 10. cxd4 c5 11. Re1+ Be7 12. Nc3 cxd4 13. Nxd5 O-O-O 14. b3
Bb4 15. Re2 Re8 16. Rc2+ Bc3 17. g3 Qh3 18. Bb2 Ne7 19. Bxc3 dxc3 20. Rxc3+ Nc6
21. b4 Re5 22. b5 Rhe8 23. Rac1 Re1+ 0-1

[Event "AUTO-INT-1655"]
[Site "http://www.queenalice.com/game.php?id=752678"]
[Date "2010.3.28"]
[Round "1"]
[White "Givanildo"]
[Black "lepiaf"]
[Result "0-1"]
[WhiteElo "1377"]
[BlackElo "1630"]

1. e3 d5 2. d4 e6 3. a3 Nf6 4. h3 Be7 5. Nf3 b6 6. b4 O-O 7. Ne5 c5 8. dxc5 bxc5
9. b5 c4 10. c3 Qa5 11. a4 a6 12. Nc6 Qc7 13. Nxe7+ Qxe7 14. Ba3 Qd7 15. Bxf8
Kxf8 16. f3 axb5 17. a5 Nc6 18. h4 Nxa5 19. Nd2 Bb7 20. g4 e5 21. g5 Nh5 22. Bh3
Qc7 23. Rg1 g6 24. Bg4 Ng7 25. e4 dxe4 26. Nxe4 Rd8 27. Qc2 Nc6 28. Nf6 b4 29.
h5 b3 30. Qb1 Ne7 31. hxg6 Nxg6 32. Nxh7+ Kg8 33. Nf6+ Kf8 34. Qb2 Nf4 35. Nh7+
Ke7 36. Qa3+ Qd6 37. Qa7 Qd2+ 38. Kf1 Qe2# 0-1

[Event "AUTO-INT-1655"]
[Site "http://www.queenalice.com/game.php?id=752679"]
[Date "2010.3.28"]
[Round "1"]
[White "lepiaf"]
[Black "Givanildo"]
[Result "0-1"]
[WhiteElo "1658"]
[BlackElo "1365"]

1. e4 e5 2. Nf3 Bc5 3. Nxe5 Qf6 4. d4 Bd6 5. Qf3 Bxe5 6. Qxf6 Bxf6 7. e5 Be7 8.
a3 a6 9. Nc3 c6 10. Be2 h5 11. Ne4 b5 12. b4 f6 13. O-O f5 14. Ng3 g6 15. c4
bxc4 16. Bxc4 d5 17. Bb3 a5 18. Bb2 axb4 19. axb4 Rxa1 20. Rxa1 Ba6 21. Bc3 h4
22. Nf1 h3 23. Ba4 hxg2 24. Kxg2 f4 25. Kf3 Rh3+ 26. Kxf4 Rxc3 27. e6 Bxf1 0-1